Normal view
MARC view
Entry Personal Name
001 - CONTROL NUMBER
- control field: 261376
003 - CONTROL NUMBER IDENTIFIER
- control field: OSt
005 - DATE AND TIME OF LATEST TRANSACTION
- control field: 20260410120909.0
008 - FIXED-LENGTH DATA ELEMENTS
- fixed length control field: 260410|| aca||aabn | a|a d
040 ## - CATALOGING SOURCE
- Original cataloging agency: OSt
- Transcribing agency: OSt
100 ## - HEADING--PERSONAL NAME
- Personal name: JNANA GANGOTRI.
- Dates associated with a name: ಜ್ಞಾನ ಗಂಗೋತ್ರಿ
670 ## - SOURCE DATA FOUND
- Source citation: Work cat.: (OSt)81677: JNANA GANGOTRI. ಜ್ಞಾನ ಗಂಗೋತ್ರಿ, Kiriyara vishvakosha.7V.V5- kale sahitya., 1974